| 000 | 00607nam a22001937a 4500 | ||
|---|---|---|---|
| 999 |
_c186117 _d186117 |
||
| 005 | 20220215110808.0 | ||
| 010 | _aENG-131583 | ||
| 020 |
_a9788193897409 _c575.00 |
||
| 035 | _aEN-115115 | ||
| 037 | _bDBAD | ||
| 082 | _a512 | ||
| 100 | _aDas, Chandan Bikash | ||
| 245 |
_aIntroduction to Classical Algebra: _bConcepts, Theory and Applications/ _cChandan Bikash Das, Pabitra Kumar Gouri |
||
| 260 |
_aKolkata _bArunabha Sen _c2019 |
||
| 270 |
_a8/1, Chintamoni Das Lane _bKolkata _e700009 |
||
| 300 |
_avp. _c24cm(pbk) |
||
| 700 | _aGouri, Pabitra Kumar | ||
| 942 |
_2ddc _cEN _h512 _mDAS |
||